Pufendorf et le droit naturel.

Saved in:
Bibliografiske detaljer
Hovedforfatter: Goyard-Fabre, Simone (auteur)
Format: Bog
Udgivet: Paris, France: Presses Universitaires de France, 1994.
Udgivelse:1re édition.
Serier:Leviathan.
Fag:
Tags: Tilføj Tag
Ingen Tags, Vær først til at tagge denne postø!

MARC

LEADER 00000nam a22000007a 4500
003 CL-VaPUC
005 20220822114811.0
008 220803t1994 ||||| |||| 00| 0 eng d
999 |c 437943  |d 437941 
020 |a 2 13 045921  
040 |c Pontificia Universidad Católica de Valparaíso 
082 |a 340.112 GOY 1994 
100 |a Goyard-Fabre, Simone  |9 393211  |e auteur 
245 |a Pufendorf et le droit naturel.  
250 |a 1re édition. 
260 |a Paris, France:  |b Presses Universitaires de France,   |c 1994. 
300 |a 263 páginas.  
490 |a Leviathan.  
500 |a c.1 Donación Familia Prof. Alejandro Guzmán Brito. 
583 |c 20220803  |k Cristina María Rojas Aguilar 
600 0 |a Pufendorf, Samuel von,   |9 869565  |d 1632-1694  |x Pensamiento jurídico 
650 |a Derecho natural  |9 255041 
942 |2 ddc  |c BK  |n 0 
952 |0 0  |1 0  |2 ddc  |4 0  |6 340_112000000000000_GOY_1994  |7 0  |8 C_AGB  |9 585801  |a BIBDER  |b BIBDER  |d 2022-08-03  |e Donación   |i 5653776  |o 340.112 GOY 1994  |p 5653776  |r 2023-01-25  |t 1  |w 2022-08-03  |y BK_US  |k AGB